| 000 | 00391nam a2200145 a 4500 | ||
|---|---|---|---|
| 005 | 20140412111412.0 | ||
| 008 | 070215s19uu xx 00 eng d | ||
| 020 | _a0-86163-967-7 | ||
| 050 |
_aM 629.133 _bFl59 1999 |
||
| 245 | _aFlying Machines. | ||
| 260 |
_aLondon : _bAwards Publications limited, _c1999. |
||
| 440 | _aPicture the world of... | ||
| 650 | _aAirplaines | ||
| 999 |
_c105721 _d105721 |
||